[Event "35th European Club Cup 2019"]
[Site "Ulcinj"]
[Date "2019.11.12"]
[Round "3.18"]
[White "Smith, Axel"]
[Black "Brunello, Sabino"]
[Result "0-1"]
[WhiteElo "2465"]
[BlackElo "2549"]
[Annotator "ChessBase"]
[PlyCount "114"]
[EventDate "2019.11.10"]
[EventType "team-tourn"]
[EventCountry "MNE"]
[SourceTitle "playchess.com"]
[Source "ChessBase"]
[SourceQuality "1"]
[WhiteTeam "Koge SK"]
[BlackTeam "Padova"]
[TimeControl "40/5400+30:1800+30"]

1. e4 {[%emt 0:00:00]} e5 {[%emt 0:02:51]} 2. Nc3 {[%emt 0:00:00]} Nf6 {[%emt 0:03:00]} 3. g3 {[%emt 0:00:00]} g6 {[%emt 0:11:05]} 4. Bg2 {[%emt 0:00:22]} Bg7 {[%emt 0:00:07]} 5. Nge2 {[%emt 0:00:40]} c5 {[%emt 0:07:08]} 6. O-O {[%emt 0:04:40]} d6 {[%emt 0:01:35]} 7. d3 {[%emt 0:01:38]} Nc6 {[%emt 0:00:20]} 8. f4 {[%emt 0:09:38]} exf4 {[%emt 0:02:58]} 9. Bxf4 {[%emt 0:02:48]} Ng4 {[%emt 0:03:20]} 10. Qd2 {[%emt 0:06:07]} h6 {[%emt 0:01:46]} 11. Qc1 {[%emt 0:08:28]} Be6 {[%emt 0:12:49]} 12. Bd2 {[%emt 0:13:31]} c4 {[%emt 0:12:07]} 13. Nf4 {[%emt 0:14:11]} Bd4+ {[%emt 0:05:23]} 14. Kh1 {[%emt 0:00:02]} Nf2+ {[%emt 0:02:48]} 15. Rxf2 {[%emt 0:00:02]} Bxf2 {[%emt 0:00:05]} 16. Nxe6 {[%emt 0:09:28]} fxe6 {[%emt 0:00:55]} 17. dxc4 {[%emt 0:00:02]} Ne5 {[%emt 0:01:18]} 18. Qf1 {[%emt 0:01:49]} Bb6 {[%emt 0:04:49]} 19. Qe2 {[%emt 0:01:17]} O-O {[%emt 0:04:14]} 20. Rf1 {[%emt 0:05:29]} Rxf1+ {[%emt 0:05:11]} 21. Bxf1 {[%emt 0:00:03]} Qf6 {[%emt 0:01:25]} 22. Bh3 {[%emt 0:05:23]} Rf8 {[%emt 0:05:37]} 23. Na4 {[%emt 0:04:41]} Qf2 {[%emt 0:05:39]} 24. Qe1 {[%emt 0:01:10]} Kh7 {[%emt 0:04:29]} 25. Nxb6 {[%emt 0:00:09]} Qxb6 {[%emt 0:00:05]} 26. Qe3 {[%emt 0:05:49]} Qxe3 {[%emt 0:00:42]} 27. Bxe3 {[%emt 0:00:01]} Nxc4 {[%emt 0:01:01]} 28. Bxa7 {[%emt 0:00:02]} Nxb2 {[%emt 0:00:35]} 29. Bxe6 {[%emt 0:00:59]} Na4 {[%emt 0:00:30]} 30. Bd4 {[%emt 0:02:30]} Nc5 {[%emt 0:00:28]} 31. Bd5 {[%emt 0:00:17]} Rf1+ {[%emt 0:00:25]} 32. Kg2 {[%emt 0:00:14]} Rc1 {[%emt 0:00:13]} 33. c3 {[%emt 0:01:20]} Na4 {[%emt 0:00:31]} 34. Bxb7 {[%emt 0:00:42]} Nxc3 {[%emt 0:00:08]} 35. Kf3 {[%emt 0:02:12]} Nb5 {[%emt 0:00:56]} 36. Be3 {[%emt 0:00:38]} Rc3 {[%emt 0:00:16]} 37. e5 {[%emt 0:01:32]} dxe5 {[%emt 0:00:26]} 38. Bd5 {[%emt 0:00:32]} Kg7 {[%emt 0:00:38]} 39. a4 {[%emt 0:00:28]} Nd6 {[%emt 0:00:31]} 40. Ke2 {[%emt 0:00:00]} Nf5 {[%emt 0:00:00]} 41. Bb6 {[%emt 0:01:32]} Nd4+ {[%emt 0:05:46]} 42. Kd2 {[%emt 0:02:07]} Ra3 {[%emt 0:11:32]} 43. a5 {[%emt 0:00:29]} Kf6 {[%emt 0:01:08]} 44. Kc1 {[%emt 0:18:04]} Ra4 {[%emt 0:00:46]} 45. Kb2 {[%emt 0:00:56]} Ke7 {[%emt 0:03:17]} 46. h4 {[%emt 0:07:04]} Kd6 {[%emt 0:01:21]} 47. Be4 {[%emt 0:02:41]} g5 {[%emt 0:02:53]} 48. hxg5 {[%emt 0:00:01]} hxg5 {[%emt 0:00:04]} 49. Bb7 {[%emt 0:01:13]} Nc6 {[%emt 0:01:36]} 50. Kb3 {[%emt 0:01:23]} Rxa5 {[%emt 0:00:50]} 51. Bxc6 {[%emt 0:00:32]} Ra6 {[%emt 0:00:13]} 52. Bd8 {[%emt 0:00:21]} Rxc6 {[%emt 0:00:04]} 53. Bxg5 {[%emt 0:00:03]} Kd5 {[%emt 0:00:14]} 54. Bd2 {[%emt 0:00:29]} Kd4 {[%emt 0:00:19]} 55. g4 {[%emt 0:00:49]} Kd3 {[%emt 0:00:09]} 56. Ba5 {[%emt 0:00:31]} Rg6 {[%emt 0:00:18]} 57. Bc3 {[%emt 0:00:47]} e4 {[%emt 0:00:05]} 0-1

[Event "35th European Club Cup 2019"]
[Site "Ulcinj"]
[Date "2019.11.12"]
[Round "3.18"]
[White "Salama, Omar"]
[Black "Piceu, Tom"]
[Result "0-1"]
[WhiteElo "2193"]
[BlackElo "2354"]
[Annotator "ChessBase"]
[PlyCount "41"]
[EventDate "2019.11.10"]
[EventType "team-tourn"]
[EventCountry "MNE"]
[SourceTitle "playchess.com"]
[Source "ChessBase"]
[SourceQuality "1"]
[WhiteTeam "Reykjavik CC"]
[BlackTeam "HWP Sas van Gent"]
[TimeControl "40/5400+30:1800+30"]

1. d4 Nf6 2. c4 c5 3. d5 b5 4. a4 Qa5+ 5. Bd2 b4 6. Qc2 d6 7. e4 g6 8. Be2 Bg7 9. Nf3 O-O 10. O-O Nbd7 11. h3 Bb7 12. Bf4 Qc7 13. Nbd2 Rae8 14. Rfe1 e5 15. dxe6 fxe6 16. Rad1 Nh5 17. Bh2 Nf4 18. Nf1 Ne5 19. Bxf4 Rxf4 20. Ng3 Ref8 21. Qd2 0-1

[Event "35th European Club Cup 2019"]
[Site "Ulcinj"]
[Date "2019.11.12"]
[Round "3.18"]
[White "Reichardt, Robin"]
[Black "Van Ketel, Raoul"]
[Result "1-0"]
[WhiteElo "1954"]
[BlackElo "2212"]
[Annotator "NA"]
[PlyCount "169"]
[EventDate "2019.11.10"]
[EventType "team-tourn"]
[EventCountry "MNE"]
[SourceTitle "playchess.com"]
[Source "ChessBase"]
[SourceQuality "1"]
[WhiteTeam "En Passant"]
[BlackTeam "LSG IntelliMagic"]
[TimeControl "40/5400+30:1800+30"]

1. d4 Nf6 2. Nf3 e6 3. c4 b6 4. g3 Ba6 5. Nbd2 Bc8 {[%emt 0:01:05]} 6. Nb1 {[%emt 0:02:47]} Ba6 {[%emt 0:00:09]} 7. Nbd2 {[%emt 0:00:33]} Bb7 {[%emt 0:08:01]} 8. Bg2 {[%emt 0:01:40]} Bb4 {[%emt 0:05:48]} 9. O-O {[%emt 0:02:33]} O-O {[%emt 0:00:40]} 10. Qc2 {[%emt 0:08:07]} Bxd2 {[%emt 0:06:39]} 11. Bxd2 {[%emt 0:02:38]} Be4 {[%emt 0:03:47]} 12. Qc3 {[%emt 0:04:26]} d6 {[%emt 0:00:25]} 13. Rfd1 {[%emt 0:07:44]} Nbd7 {[%emt 0:01:47]} 14. Bg5 {[%emt 0:04:50]} h6 {[%emt 0:19:39]} 15. Bf4 {[%emt 0:04:18]} a5 {[%emt 0:07:41]} 16. b3 {[%emt 0:18:19]} Qe7 {[%emt 0:00:53]} 17. Ne1 {[%emt 0:07:26]} Bxg2 {[%emt 0:08:50]} 18. Nxg2 {[%emt 0:00:12]} Ne4 {[%emt 0:00:12]} 19. Qd3 {[%emt 0:01:43]} f5 {[%emt 0:03:22]} 20. f3 {[%emt 0:04:39]} Nef6 {[%emt 0:00:05]} 21. e4 {[%emt 0:01:18]} fxe4 {[%emt 0:02:09]} 22. fxe4 {[%emt 0:00:13]} e5 {[%emt 0:00:22]} 23. dxe5 {[%emt 0:02:55]} dxe5 {[%emt 0:00:03]} 24. Be3 {[%emt 0:03:15]} Rad8 {[%emt 0:10:07]} 25. Qc2 {[%emt 0:02:40]} Qe6 {[%emt 0:05:32]} 26. Bf2 {[%emt 0:07:56]} Qh3 {[%emt 0:04:07]} 27. Ne3 {[%emt 0:07:13]} Rf7 {[%emt 0:01:50]} 28. Kh1 {[%emt 0:03:42]} Nh5 {[%emt 0:02:27]} 29. Qe2 {[%emt 0:01:54]} Nhf6 {[%emt 0:04:13]} 30. Nf5 {[%emt 0:01:15]} Rdf8 {[%emt 0:01:01]} 31. Bg1 {[%emt 0:00:28]} Nb8 {[%emt 0:03:02]} 32. Nh4 {[%emt 0:00:36]} Nc6 {[%emt 0:00:59]} 33. Rd2 {[%emt 0:00:28]} Kh7 {[%emt 0:00:38]} 34. Rad1 {[%emt 0:00:23]} g5 {[%emt 0:00:53]} 35. Nf5 {[%emt 0:00:27]} Nxe4 {[%emt 0:00:03]} 36. Qxe4 {[%emt 0:00:11]} Qxf5 {[%emt 0:00:02]} 37. Qxc6 {[%emt 0:00:14]} e4 {[%emt 0:00:11]} 38. Rf2 {[%emt 0:00:22]} Qg4 {[%emt 0:00:40]} 39. Rdf1 {[%emt 0:01:28]} Rxf2 {[%emt 0:00:42]} 40. Bxf2 {[%emt 0:00:27]} Rf7 {[%emt 0:00:50]} 41. Kg1 {[%emt 0:30:17]} Qf3 {[%emt 0:30:59]} 42. Qe6 {[%emt 0:00:00]} Rf6 {[%emt 0:00:00]} 43. Qe5 {[%emt 0:00:00]} Rf7 {[%emt 0:00:00]} 44. Qd4 {[%emt 0:00:00]} Qf5 {[%emt 0:00:00]} 45. Re1 {[%emt 0:00:00]} Re7 {[%emt 0:00:00]} 46. Qd5 {[%emt 0:00:00]} Kg6 {[%emt 0:00:00]} 47. Qxf5+ {[%emt 0:00:00]} Kxf5 {[%emt 0:00:00]} 48. Be3 {[%emt 0:00:00]} Rd7 {[%emt 0:00:00]} 49. Kf2 {[%emt 0:00:00]} Rd3 {[%emt 0:00:00]} 50. h3 {[%emt 0:00:00]} c5 {[%emt 0:00:00]} 51. Ke2 {[%emt 0:00:00]} a4 {[%emt 0:00:00]} 52. Rb1 {[%emt 0:00:00]} Rc3 {[%emt 0:00:00]} 53. g4+ {[%emt 0:01:11]} Ke5 {[%emt 0:00:00]} 54. Rb2 {[%emt 0:00:52]} Kd6 {[%emt 0:00:00]} 55. Kd2 {[%emt 0:02:30]} Rd3+ {[%emt 0:00:00]} 56. Ke2 {[%emt 0:00:03]} Rc3 {[%emt 0:00:00]} 57. bxa4 {[%emt 0:03:34]} Kc6 {[%emt 0:00:00]} 58. a5 {[%emt 0:00:21]} bxa5 {[%emt 0:00:00]} 59. Rb5 {[%emt 0:00:21]} Rc2+ {[%emt 0:00:29]} 60. Bd2 {[%emt 0:00:11]} a4 {[%emt 0:02:10]} 61. Ra5 {[%emt 0:01:14]} Rxc4 {[%emt 0:00:03]} 62. Ke3 {[%emt 0:00:32]} Rd4 {[%emt 0:02:18]} 63. Ra6+ {[%emt 0:00:23]} Kd5 {[%emt 0:00:01]} 64. Rxh6 {[%emt 0:00:28]} Rd3+ {[%emt 0:01:11]} 65. Ke2 {[%emt 0:00:06]} Ra3 {[%emt 0:00:06]} 66. Bxg5 {[%emt 0:00:49]} Rxa2+ {[%emt 0:00:02]} 67. Bd2 {[%emt 0:00:25]} a3 {[%emt 0:01:29]} 68. g5 {[%emt 0:00:33]} c4 {[%emt 0:00:51]} 69. Ke3 {[%emt 0:00:26]} Rb2 {[%emt 0:02:45]} 70. h4 {[%emt 0:00:46]} Rb3+ {[%emt 0:00:22]} 71. Ke2 {[%emt 0:00:07]} c3 {[%emt 0:00:12]} 72. Ra6 {[%emt 0:00:58]} Rb2 73. Rxa3 {[%emt 0:00:11]} Rxd2+ {[%emt 0:02:21]} 74. Ke3 {[%emt 0:00:39]} Rd3+ {[%emt 0:00:04]} 75. Ke2 {[%emt 0:00:07]} Rg3 {[%emt 0:01:39]} 76. Kf2 {[%emt 0:01:02]} c2 {[%emt 0:01:12]} 77. Ra1 {[%emt 0:00:14]} Rf3+ {[%emt 0:00:03]} 78. Ke2 {[%emt 0:00:16]} Kc4 {[%emt 0:00:10]} 79. g6 {[%emt 0:00:33]} Rg3 {[%emt 0:00:11]} 80. h5 {[%emt 0:00:21]} Rg5 {[%emt 0:01:03]} 81. Rh1 {[%emt 0:00:38]} Rxh5 {[%emt 0:00:15]} 82. Rc1 {[%emt 0:00:48]} Kc3 {[%emt 0:00:54]} 83. Rg1 {[%emt 0:00:35]} Rg5 {[%emt 0:00:21]} 84. Rxg5 {[%emt 0:00:06]} c1=Q {[%emt 0:00:06]} 85. Rc5+ {[%emt 0:00:04]} 1-0

[Event "35th European Club Cup 2019"]
[Site "Ulcinj"]
[Date "2019.11.12"]
[Round "3.19"]
[White "Chigaev, Maksim"]
[Black "Ivanisevic, Ivan"]
[Result "1-0"]
[WhiteElo "2623"]
[BlackElo "2598"]
[Annotator "ChessBase"]
[PlyCount "115"]
[EventDate "2019.11.10"]
[EventType "team-tourn"]
[EventCountry "MNE"]
[SourceTitle "playchess.com"]
[Source "ChessBase"]
[SourceQuality "1"]
[WhiteTeam "Molodezka"]
[BlackTeam "Sloven Ruma"]
[TimeControl "40/5400+30:1800+30"]

1. e4 {[%emt 0:00:00]} c5 {[%emt 0:00:00]} 2. Nf3 {[%emt 0:00:00]} e6 {[%emt 0:00:00]} 3. g3 {[%emt 0:00:00]} Nc6 {[%emt 0:00:14]} 4. Bg2 {[%emt 0:00:00]} h5 {[%emt 0:00:21]} 5. h3 {[%emt 0:00:11]} d5 {[%emt 0:02:33]} 6. exd5 {[%emt 0:00:20]} exd5 {[%emt 0:00:04]} 7. d4 {[%emt 0:01:14]} h4 {[%emt 0:02:59]} 8. g4 {[%emt 0:01:18]} Nf6 {[%emt 0:07:32]} 9. Nc3 {[%emt 0:06:12]} cxd4 {[%emt 0:09:07]} 10. Nxd4 {[%emt 0:00:09]} Bc5 {[%emt 0:00:34]} 11. Nb3 {[%emt 0:06:47]} Qe7+ {[%emt 0:09:57]} 12. Qe2 {[%emt 0:00:28]} Qxe2+ {[%emt 0:00:04]} 13. Kxe2 {[%emt 0:08:08]} Bb6 {[%emt 0:00:06]} 14. g5 {[%emt 0:02:16]} d4 {[%emt 0:01:47]} 15. Nb5 {[%emt 0:02:33]} Nh5 {[%emt 0:01:02]} 16. Nd6+ {[%emt 0:07:32]} Ke7 {[%emt 0:00:30]} 17. Nxc8+ {[%emt 0:00:34]} Raxc8 {[%emt 0:01:42]} 18. Bd2 {[%emt 0:00:37]} Rhd8 {[%emt 0:07:15]} 19. Rhe1 {[%emt 0:02:56]} Kf8 {[%emt 0:00:47]} 20. Bf3 {[%emt 0:10:25]} g6 {[%emt 0:00:32]} 21. Bxh5 {[%emt 0:00:10]} gxh5 {[%emt 0:00:12]} 22. Kd3 {[%emt 0:00:08]} Rd5 {[%emt 0:04:54]} 23. f4 {[%emt 0:00:18]} a5 {[%emt 0:05:33]} 24. a4 {[%emt 0:04:37]} Ne7 {[%emt 0:01:46]} 25. Re5 {[%emt 0:03:52]} Rxe5 {[%emt 0:01:13]} 26. fxe5 {[%emt 0:00:14]} Nc6 {[%emt 0:00:03]} 27. Re1 {[%emt 0:00:19]} Re8 {[%emt 0:00:49]} 28. Kc4 {[%emt 0:00:23]} Bc7 {[%emt 0:03:19]} 29. Nxd4 {[%emt 0:07:59]} Nxe5+ {[%emt 0:03:43]} 30. Kb3 {[%emt 0:00:52]} Bb6 {[%emt 0:05:06]} 31. c3 {[%emt 0:06:55]} Nd3 {[%emt 0:04:17]} 32. Rf1 {[%emt 0:00:46]} Nc5+ {[%emt 0:07:35]} 33. Kc2 {[%emt 0:00:42]} Ne4 {[%emt 0:12:22]} 34. g6 {[%emt 0:00:56]} f6 {[%emt 0:00:08]} 35. Bh6+ {[%emt 0:03:55]} Kg8 {[%emt 0:00:05]} 36. Rf5 {[%emt 0:02:50]} Re5 {[%emt 0:02:48]} 37. Rxe5 {[%emt 0:04:13]} fxe5 {[%emt 0:00:04]} 38. Nf5 {[%emt 0:01:34]} Bd8 {[%emt 0:00:22]} 39. Be3 {[%emt 0:00:29]} Bc7 {[%emt 0:03:23]} 40. Kd3 {[%emt 0:00:00]} Ng3 {[%emt 0:00:00]} 41. Nxh4 {[%emt 0:06:21]} Bd8 {[%emt 0:04:43]} 42. Ng2 {[%emt 0:00:06]} Kg7 {[%emt 0:00:08]} 43. Bf2 {[%emt 0:00:19]} e4+ {[%emt 0:07:44]} 44. Kc4 {[%emt 0:00:50]} Nh1 {[%emt 0:01:47]} 45. Bh4 {[%emt 0:01:02]} Bxh4 {[%emt 0:00:52]} 46. Nxh4 {[%emt 0:00:05]} Nf2 {[%emt 0:00:03]} 47. Kd4 {[%emt 0:00:27]} Nxh3 {[%emt 0:00:53]} 48. Kxe4 {[%emt 0:00:12]} Kf6 {[%emt 0:00:03]} 49. b4 {[%emt 0:01:16]} Nf2+ {[%emt 0:02:46]} 50. Kd4 {[%emt 0:02:27]} b6 {[%emt 0:12:38]} 51. bxa5 {[%emt 0:03:44]} bxa5 {[%emt 0:00:04]} 52. c4 {[%emt 0:00:04]} Nd1 {[%emt 0:04:43]} 53. c5 {[%emt 0:00:22]} Nb2 {[%emt 0:00:14]} 54. c6 {[%emt 0:00:12]} Nxa4 {[%emt 0:00:05]} 55. c7 {[%emt 0:00:10]} Nb6 {[%emt 0:00:06]} 56. Kc5 {[%emt 0:00:04]} Nc8 {[%emt 0:02:08]} 57. Kb5 {[%emt 0:00:09]} Ke6 {[%emt 0:01:32]} 58. Kxa5 {[%emt 0:00:12]} 1-0

[Event "35th European Club Cup 2019"]
[Site "Ulcinj"]
[Date "2019.11.12"]
[Round "3.19"]
[White "Admiraal, Miguoel"]
[Black "Kerigan, Demre"]
[Result "1/2-1/2"]
[WhiteElo "2510"]
[BlackElo "2392"]
[Annotator "ChessBase"]
[PlyCount "92"]
[EventDate "2019.11.10"]
[EventType "team-tourn"]
[EventCountry "MNE"]
[SourceTitle "playchess.com"]
[Source "ChessBase"]
[SourceQuality "1"]
[WhiteTeam "Kennemer Combinatie"]
[BlackTeam "Wachtebeke"]
[TimeControl "40/5400+30:1800+30"]

1. e4 d5 2. exd5 Qxd5 3. Nc3 Qd8 4. d4 Nf6 5. Bg5 h6 6. Bh4 c6 7. Bc4 Bg4 8. f3 Bf5 9. Nge2 e6 {[%emt 0:09:12]} 10. g4 {[%emt 0:31:58]} Bh7 {[%emt 0:01:51]} 11. Bd3 {[%emt 0:04:53]} Bxd3 {[%emt 0:17:27]} 12. Qxd3 {[%emt 0:00:11]} Nbd7 {[%emt 0:03:58]} 13. O-O-O {[%emt 0:03:02]} Qc7 {[%emt 0:04:10]} 14. Ne4 {[%emt 0:11:05]} O-O-O {[%emt 0:09:44]} 15. Bg3 {[%emt 0:13:51]} Qa5 {[%emt 0:01:52]} 16. Kb1 {[%emt 0:00:30]} Nc5 {[%emt 0:08:31]} 17. Nxc5 {[%emt 0:02:41]} Bxc5 {[%emt 0:00:10]} 18. c4 {[%emt 0:08:18]} Bd6 {[%emt 0:02:59]} 19. Be1 {[%emt 0:00:07]} Qc7 {[%emt 0:15:48]} 20. h4 {[%emt 0:07:39]} Kb8 {[%emt 0:06:41]} 21. h5 {[%emt 0:01:11]} Rhe8 {[%emt 0:08:10]} 22. Bc3 e5 23. dxe5 {[%emt 0:06:03]} Bxe5 {[%emt 0:01:47]} 24. Qf5 {[%emt 0:00:42]} Bxc3 {[%emt 0:01:22]} 25. Nxc3 {[%emt 0:00:21]} Rxd1+ {[%emt 0:04:24]} 26. Rxd1 {[%emt 0:00:08]} Re5 {[%emt 0:02:16]} 27. Rd8+ {[%emt 0:05:01]} Qxd8 {[%emt 0:00:05]} 28. Qxe5+ {[%emt 0:00:04]} Qc7 {[%emt 0:01:26]} 29. Qe3 {[%emt 0:00:11]} Qd6 {[%emt 0:00:41]} 30. Kc2 {[%emt 0:00:49]} Qh2+ {[%emt 0:00:32]} 31. Kb3 {[%emt 0:01:14]} Qd6 {[%emt 0:00:52]} 32. a3 {[%emt 0:00:25]} b6 {[%emt 0:00:51]} 33. Ne2 {[%emt 0:03:43]} Kb7 {[%emt 0:00:41]} 34. Nd4 {[%emt 0:01:13]} Nd7 {[%emt 0:00:38]} 35. Nf5 {[%emt 0:00:40]} Nc5+ {[%emt 0:00:44]} 36. Ka2 {[%emt 0:00:13]} Qf6 {[%emt 0:00:26]} 37. Qe8 {[%emt 0:01:00]} a5 {[%emt 0:00:25]} 38. Qxf7+ {[%emt 0:01:11]} Qxf7 {[%emt 0:00:25]} 39. Nd6+ {[%emt 0:00:02]} Kc7 {[%emt 0:00:08]} 40. Nxf7 {[%emt 0:00:00]} Kd7 {[%emt 0:00:00]} 41. b4 {[%emt 0:10:52]} axb4 {[%emt 0:03:08]} 42. axb4 {[%emt 0:00:13]} Nd3 {[%emt 0:01:25]} 43. Kb3 {[%emt 0:14:38]} Ke6 {[%emt 0:03:20]} 44. Nd8+ {[%emt 0:00:58]} Kd7 {[%emt 0:01:45]} 45. Nf7 {[%emt 0:00:16]} Ke6 {[%emt 0:07:31]} 46. Nd8+ {[%emt 0:00:30]} Kd7 {[%emt 0:00:48]} 1/2-1/2

[Event "35th European Club Cup 2019"]
[Site "Ulcinj"]
[Date "2019.11.12"]
[Round "3.20"]
[White "Perunovic, Milos"]
[Black "Paravyan, David"]
[Result "0-1"]
[WhiteElo "2578"]
[BlackElo "2628"]
[Annotator "TA"]
[PlyCount "32"]
[EventDate "2019.11.10"]
[EventType "team-tourn"]
[EventCountry "MNE"]
[SourceTitle "playchess.com"]
[Source "ChessBase"]
[SourceQuality "1"]
[WhiteTeam "Sloven Ruma"]
[BlackTeam "Molodezka"]

{[%evp 14,62,0,-8,41,0,0,-1,0,-52,30,23,31,11,41,-50,-62,-88,-91,-150,-119,-127,-113,-140,-129,-131,-124,-150,-90,-137,-38,-42,-18,-81,-80,-140,-137,-265,-99,-666,-639,-816,-787,-29988,-29989,-29991,-29992,-29997,-29998,-29998,-29999]} 1. e4 e5 2. Nf3 Nc6 3. d4 exd4 4. Nxd4 Nf6 5. Nxc6 bxc6 6. e5 Qe7 7. Qe2 Nd5 8. h4 g6 {C45: Scotch Game} (8... a5 9. c4 Ba6 10. b3 f6 11. exf6 Nxf6 12. Nc3 O-O-O 13. Bb2 Qd6 14. Rh3 Re8 15. Re3 Rxe3 16. Qxe3 {½-½ (28) Swiercz,D (2648)-Melkumyan,H (2653) Saint Louis 2019}) 9. c4 (9. Bg5 $5 {[%cal Rg5e7]} Qc5 10. c4 Qb4+ 11. Qd2 Qxd2+ 12. Bxd2 $11) 9... Ba6 10. Rh3 Nb6 $146 {The position is equal.} ({Predecessor:} 10... Bg7 11. Ra3 Nb4 12. Ra5 d5 13. exd6 Qxe2+ 14. Bxe2 cxd6 15. Kd1 Bb7 16. a3 Na6 {0-1 (36) Gouma,R (1888)-Van Loy,R (1993) Haarlem 2006}) 11. Nd2 (11. b3 $11) 11... Qe6 (11... Bg7 $15) 12. b3 $11 Bg7 13. Bb2 d5 14. Nf3 ({White should play} 14. f4 $14) 14... dxc4 $15 15. Ng5 Qe7 $36 {[%mdl 2048] Black is really pushing.} 16. O-O-O {[#]} (16. bxc4 $142 Bxc4 17. Qc2) 16... O-O {Played: c4-c3} 0-1

[Event "35th European Club Cup 2019"]
[Site "Ulcinj"]
[Date "2019.11.12"]
[Round "3.20"]
[White "Tsatsalashvili, Keti"]
[Black "Van der Lende, Ilias"]
[Result "0-1"]
[WhiteElo "2372"]
[BlackElo "2408"]
[Annotator "TA"]
[PlyCount "52"]
[EventDate "2019.11.10"]
[EventType "team-tourn"]
[EventCountry "MNE"]
[SourceTitle "playchess.com"]
[Source "ChessBase"]
[SourceQuality "1"]
[WhiteTeam "Wachtebeke"]
[BlackTeam "Kennemer Combinatie"]

{[%evp 21,52,43,64,75,74,75,65,45,83,18,102,1,6,-41,-23,-98,-56,-320,-328,-312,-331,-319,-308,-328,-321,-310,-314,-361,-279,-322,-212,-2476,-2175]} 1. d4 e6 2. Nf3 d5 3. g3 Nf6 4. Bg2 Be7 5. O-O O-O 6. c4 c6 7. Qc2 Nbd7 8. Rd1 b6 9. b3 Bb7 10. Nc3 Rc8 11. e4 Bb4 12. e5 {E08: Closed Catalan: Main Line: 7 Qc2} Bxc3 13. Qxc3 Ne4 {[#]} 14. Qc2 $146 {White is slightly better.} ({Predecessor:} 14. Qe1 f5 15. Ba3 Rf7 16. Nd2 h6 17. Rac1 Nf8 18. Nxe4 fxe4 19. cxd5 cxd5 {0-1 (35) Papaioannou,I (2577)-Gonzalez Zamora,J (2524) Mallorca 2004}) 14... c5 15. Ba3 (15. dxc5 $16 Nexc5 16. Ng5) 15... b5 (15... f5 $11) 16. cxd5 (16. cxb5 $16 cxd4 17. Qb2) 16... Bxd5 $11 17. Nd2 cxd4 18. Qb2 (18. Qd3 $1 $11 {keeps the balance.} Nxe5 19. Qxd4 {[%mdl 64] Double Attack} Nxd2 20. Qxe5 Bxg2 21. Kxg2) 18... Nxd2 19. Bxd5 $4 {[%mdl 8192]} ({White should try} 19. Rxd2 $15 Nxe5 20. Qxd4 (20. Bxf8 $2 Bxg2 21. f4 Nf3+ {[%mdl 64] Double Attack} 22. Kxg2 Nxd2 $19) 20... Bxg2 21. Kxg2 Qxd4 22. Rxd4) 19... Nxe5 $19 ({Stronger than} 19... exd5 20. Rxd2 Nxe5 21. Bxf8 $11) 20. Bg2 Ndf3+ 21. Kh1 Re8 22. Qe2 d3 23. Qe3 {[#]} Qd4 $1 24. Qf4 Red8 25. h3 Rc2 26. Be7 $2 {[#]} (26. Qxd4 Rxd4 27. Bxf3) 26... Qxf2 $1 {[%mdl 512] Accuracy: White = 19%, Black = 51%.} 0-1

[Event "35th European Club Cup 2019"]
[Site "Ulcinj"]
[Date "2019.11.12"]
[Round "3.21"]
[White "Esipenko, Andrey"]
[Black "Kosic, Dragan"]
[Result "1-0"]
[WhiteElo "2636"]
[BlackElo "2477"]
[Annotator "RC"]
[PlyCount "63"]
[EventDate "2019.11.10"]
[EventType "team-tourn"]
[EventCountry "MNE"]
[SourceTitle "playchess.com"]
[Source "ChessBase"]
[SourceQuality "1"]
[WhiteTeam "Molodezka"]
[BlackTeam "Sloven Ruma"]
[TimeControl "40/5400+30:1800+30"]

1. d4 {[%emt 0:00:00]} Nf6 {[%emt 0:00:00]} 2. c4 {[%emt 0:00:00]} e6 {[%emt 0:00:00]} 3. g3 {[%emt 0:00:09]} Bb4+ {[%emt 0:04:16]} 4. Bd2 {[%emt 0:00:13]} Bxd2+ {[%emt 0:01:41]} 5. Qxd2 {[%emt 0:00:38]} O-O {[%emt 0:00:07]} 6. Bg2 {[%emt 0:00:33]} d5 {[%emt 0:00:29]} 7. Nf3 {[%emt 0:00:33]} b6 {[%emt 0:00:30]} 8. O-O {[%emt 0:02:43]} c5 {[%emt 0:00:21]} 9. Nc3 {[%emt 0:00:30]} Bb7 {[%emt 0:00:06]} 10. cxd5 {[%emt 0:00:08]} exd5 {[%emt 0:00:20]} 11. Rfd1 {[%emt 0:00:05]} Na6 {[%emt 0:00:17]} 12. Rac1 {[%emt 0:00:41]} Nc7 {[%emt 0:05:20]} 13. dxc5 {[%emt 0:23:18]} bxc5 {[%emt 0:00:11]} 14. Na4 {[%emt 0:00:08]} Ne4 {[%emt 0:08:31]} 15. Qe3 {[%emt 0:09:44]} Ne6 {[%emt 0:05:22]} 16. Ne5 {[%emt 0:00:48]} Qa5 {[%emt 0:10:23]} 17. b3 {[%emt 0:08:11]} Nf6 {[%emt 0:11:17]} 18. Nxc5 {[%emt 0:11:19]} Nxc5 {[%emt 0:00:57]} 19. Rxc5 {[%emt 0:08:35]} Qxa2 {[%emt 0:00:11]} 20. Rc7 {[%emt 0:02:33]} Ba6 {[%emt 0:13:02]} 21. Bf3 {[%emt 0:01:06]} Bb5 {[%emt 0:03:59]} 22. Qc3 {[%emt 0:12:13]} Qa6 {[%emt 0:18:49]} 23. e3 {[%emt 0:03:10]} Qe6 {[%emt 0:11:21]} 24. Nc6 {[%emt 0:02:22]} Bxc6 {[%emt 0:02:30]} 25. Rxc6 {[%emt 0:00:05]} Qf5 {[%emt 0:00:11]} 26. Kg2 {[%emt 0:00:33]} Rab8 {[%emt 0:00:23]} 27. Rd4 {[%emt 0:00:47]} Ne4 {[%emt 0:01:05]} 28. Qc2 {[%emt 0:02:49]} Rb5 {[%emt 0:00:50]} 29. Qd3 {[%emt 0:03:10]} Ra5 {[%emt 0:00:56]} 30. Rc2 {[%emt 0:00:08]} g6 {[%emt 0:01:01]} 31. b4 {[%emt 0:00:27]} Ra1 {[%emt 0:00:33]} 32. Rxd5 {[%emt 0:00:53]} 1-0